Controvertida intervensión de Lula en el G-8

Shranjeno v:
Bibliografske podrobnosti
Format: Texto
Teme:
Oznake: Označite
Brez oznak, prvi označite!

MARC

LEADER 00000 a a2200000 04500
001 6665
003
040
245 |a Controvertida intervensión de Lula en el G-8  
650 |a GEOPOLITICA  
650 |a AYUDA AL DESARROLLO  
650 |a POBREZA  
773 |g volumen 23, número 1052; páginas 11-12  
999 |c 26807  |d 26807